000 01678nam a2200361 a 4500
001 000008224
003 DO-SdBNP
005 20180404133343.0
007 000008224
008 090915s2006 dr ad 001 0 spa d
040 _aBPMET
_bspa
_cBPMET
092 _aRD 631.5233
_bC748t
111 2 _aConferencia Internacional sobre Organismos Genéticamente Modificados (Transgénicos) (
_d(2005 :
_cSanto Domingo)
245 1 0 _aTransgénicos en Santo Domingo /
_cpresentación Sonia Vásquez ; edición Andrea Brechelt.
246 0 3 _aTransgénicos en Santo Domingo
260 _aSanto Domingo :
_bFAMA,
_c2006.
300 _a151 p. :
_bil. ;
_c22 cm.
500 _aIncluye biografía y notas al pie de las páginas.
505 0 _tLa situación actual de los transgénicos en América Latina --
_tLos transgénicos y la agricultura orgánica --
_tLa situación actual de la investigación sobre los transgénicos en la República Dominicana --
_tMarco jurídico de los transgénicos en la República Dominicana --
_tDeclaración final: Declaración de Santo Domingo.
650 4 _aALIMENTOS TRANSGÉNICOS
_xCONGRESOS,CONFERENCIAS,ETC.
650 4 _aINGENIERÍA GENÉTICA
_xCONGRESOS, CONFERENCIAS, ETC.
650 4 _aBIOTECNOLOGÍA
_xCONGRESOS,CONFERENCIAS,ETC.
700 1 _aVásquez, Sonia.
700 1 _aBrechelt, Andrea,
_eed.
710 2 _aFundación Agricultura y Medio Ambiente . (República Dominicana)
910 _aValidado. Control de calidad EMS
930 1 _l
_m
_h
_8
_f
_p
_g
942 _2ddc
_cBK
945 _aRemanejado para la BNPHU / 2018 VM
956 _a
_b
_c
_l
_h
956 _a
_b
_c
_l
_h
956 _aVMATEO
_b10
_c20150428
_lBPMSU
_h0069
999 _c7741
_d7741